000 01609cam a22004814i 4500
003 PE-LiUPU
005 20250731173429.0
008 150706s r 000 0 d
020 _a9781455525416
035 _a(Sirsi) i9781455525416
040 _aPE-LiUPU
_bspa
_cPE-LiUPU
_erda
049 _aPRUA
082 0 4 _a242.523
_bO83
_221
100 1 _aOsteen, Joel,
_eautor.
245 1 0 _aYo declaro :
_b31 promesas para proclamar sobre tu vida /
_cJoel Osteen.
264 1 _aNew York :
_bHachette Book Group,
_c2013.
300 _a174 páginas ;
_c20 cm.
336 _atext
_2rdacontent
337 _aunmediated
_2rdamedia
338 _avolume
_2rdacarrier
505 0 _a31 promesas para proclamar sobre su vida.
526 _aSEG42
526 _aSEG41
526 _aSEG40
526 _aSEG39
526 _aP94
526 _aP87
526 _aP86
526 _aP85
526 _aP77
526 _aP76
526 _aP35
541 _g001-0000623;
650 0 4 _aCalendarios devocionales.
650 0 4 _aDios (Cristianismo)
_xPromesas
_xOraciones y devociones.
650 0 4 _aBendición.
910 _cng
_d20130424
942 _2ddc
_cBOOK
949 _a242.523 O83
_wDEWEY
_c1
_i67049
_lCCODEBUL1
_mBUL
_p18.00
_r0
_sY
_tBOOK
_u2015-7-6
_xTEOLOGIA
_PP35
_o.STAFF. Colección General
994 _aC0
_bPEPRU
596 _a1
999 _a242.523 O83
_wDEWEY
_c54756
_i67049
_f2021-11-10
_g5
_lCCODEBUL1
_mBUL
_p18.00
_r0
_sY
_tBOOK
_u2015-7-6
_xTEOLOGIA
_PP35
_0COMPRA
_o.STAFF. Colección General
_d54756
980 _81
_gALBERTO SANCHEZ Responsable de Automatización